| 000 | 00886cam a2200229 4500 | ||
|---|---|---|---|
| 001 | ABS62552 | ||
| 008 | 000000n2000 000 0 eng u | ||
| 035 | _a(Sirsi) u106671 | ||
| 245 | _aTime to move forward | ||
| 260 | _c2000 | ||
| 490 |
_aEstates Gazette _v(0023) 10 June 2000, 136-138(3) |
||
| 520 | _aMainly for students article considers how traditional valuation tables assume income is received annually in arrears, although rental income is usually received quarterly in advance. Looks at how the Investment Property Forum has tried to alter this practice. | ||
| 590 | _aABS | ||
| 650 | _aVALUATION TABLES | ||
| 650 | _aRENTAL INCOME | ||
| 650 | _aABOUT RICS-RELATED ORGANISATIONS-INVESTMENT PROPERTY FORUM | ||
| 650 | _aPROPERTY VALUES | ||
| 650 | _aTIMING | ||
| 650 | _aQUARTERLY IN ADVANCE | ||
| 690 | _aPROPERTY-PROPERTY APPRAISAL AND VALUATION | ||
| 942 | _n0 | ||
| 999 |
_c63861 _d63861 |
||